| 000 | 00478pab a2200181 454500 | ||
|---|---|---|---|
| 008 | 180718b2002 xxu||||| |||| 00| 0 eng d | ||
| 100 | _aKincaid, John | ||
| 245 | _aIssues of federalism in response to terrorism | ||
| 260 | _c2002 | ||
| 300 | _ap.181-92. | ||
| 362 | _aSep | ||
| 650 | _aTerrorism - United States | ||
| 650 | _aFederalism - United States | ||
| 650 | _aFederalism | ||
| 700 | _aCole, Richard L. | ||
| 773 | _aPublic Administration Review | ||
| 909 | _a53858 | ||
| 999 |
_c53858 _d53858 |
||